Los efectos económicos de la guerra fría (Record no. 78310)

MARC details
000 -LEADER
campo de control de longitud fija 00689nam a2200193 i 4500
001 - NÚMERO DE CONTROL
campo de control 78310
003 - IDENTIFICADOR DE NÚMERO DE CONTROL
campo de control ES-MaACL
005 - FECHA Y HORA DE LA ÚLTIMA TRANSACCIÓN
campo de control 20230906173642.0
007 - CAMPO FIJO DE DESCRIPCIÓN FÍSICA--INFORMACIÓN GENERAL
campo de control de longitud fija t|
008 - DATOS DE LONGITUD FIJA--INFORMACIÓN GENERAL
campo de control de longitud fija 041013s1963 sp ||||1| spa d
100 1# - ENTRADA PRINCIPAL--NOMBRE DE PERSONA
Nombre de persona Hardt, John P.
9 (RLIN) 61822
245 14 - MENCIÓN DEL TÍTULO
Título Los efectos económicos de la guerra fría
Resto del título : ¿la hegemonía americana en peligro? /
Mención de responsabilidad, etc. por John P. Hardt, C. Darwin Stolzenbach y Martin J. Kohn ; traducido por Enrique Mas Montañés.
260 ## - PUBLICACIÓN, DISTRIBUCIÓN, ETC.
Lugar de publicación, distribución, etc. Bilbao :
Nombre del editor, distribuidor, etc. Deusto,
Fecha de publicación, distribución, etc. [1963]
300 ## - DESCRIPCIÓN FÍSICA
Extensión 120 p. ;
Dimensiones 24 cm.
700 1# - ENTRADA AGREGADA--NOMBRE PERSONAL
Nombre de persona Stolzenbach, C. Darwin.
9 (RLIN) 108301
700 1# - ENTRADA AGREGADA--NOMBRE PERSONAL
Nombre de persona Kohn, Martin J.
9 (RLIN) 68492
700 0# - ENTRADA AGREGADA--NOMBRE PERSONAL
Nombre de persona Mas Montañés, Enrique.
9 (RLIN) 78642
852 ## - LOCALIZACIÓN
Ubicación ES-MaACL
Número de control de estantería C-24065
Sublocalización o colección R.52991
Holdings
Estatus retirado Estado de pérdida Estado de daño No para préstamo Biblioteca de origen Biblioteca actual Ubicación en estantería Fecha de adquisición Fuente de adquisición Total de préstamos Signatura topográfica completa Código de barras Visto por última vez Precio de reemplazo Tipo de ítem Koha
        Biblioteca del Ateneo de Madrid Biblioteca del Ateneo de Madrid Depósito 2 17/01/2008     C-24065 1081915 23/02/2023 23/02/2023 Libro impreso